De grillos y chicharras /
Guardat en:
| Autor principal: | |
|---|---|
| Altres autors: | |
| Format: | Llibre |
| Idioma: | espanyol |
| Publicat: |
México :
Elefanta,
2023, c2023
|
| Matèries: | |
| Etiquetes: |
Sense etiquetes, Sigues el primer a etiquetar aquest registre!
|
MARC
| LEADER | 00000nam^a2200000^a^4500 | ||
|---|---|---|---|
| 001 | 000566561 | ||
| 005 | 20250521000000.0 | ||
| 009 | 20260310132109.962 | ||
| 020 | |a 978-607-8749-53-9 | ||
| 037 | |a Acervo ITESO - Biblioteca | ||
| 041 | |a ESP | ||
| 082 | |a 808. 899282 |b GAR | ||
| 100 | |a García, Perdo Antonio |e (autor) | ||
| 245 | 1 | 0 | |a De grillos y chicharras / |c P.A. García ; il. de J. Reyes Retana. |
| 264 | 4 | |a México : |b Elefanta, |c 2023, c2023 | |
| 300 | |a 84 p. | ||
| 336 | |a texto |b txt |2 rdacontenido | ||
| 337 | |a sin mediación |b n |2 rdamedio | ||
| 338 | |a volumen |b nc |2 rdasoporte | ||
| 649 | |a XX | ||
| 650 | |a Cuentos mexicanos | ||
| 650 | |a Literatura Infantil - |z México | ||
| 650 | |a Literatura Mexicana - |y Siglo XXI | ||
| 650 | |a Diferencia y Otredad | ||
| 650 | |a Propiedad Privada | ||
| 650 | |a Empatía | ||
| 650 | |a Solidaridad | ||
| 650 | |a Diálogo | ||
| 650 | |a Solución de Problemas | ||
| 700 | |a Reyes Retana, Julia |e (ilustración) | ||
| 910 | |a Fondo General | ||
| 920 | |a Impresos - Libros | ||
| 930 | |a Colección General | ||
| 940 | |a Literatura | ||
| 905 | |a 101 | ||
| 901 | |a 0500394957 |b IT1 |c LIT |d ES |i C182690 |u 20250521 | ||
| 902 | |a https://opac.biblio.iteso.mx/vufind/Record/000566561 | ||